000 00333nam a22001097a 4500
999 _c15198
_d15198
008 200305b ||||| |||| 00| 0 eng d
245 _aKorea to donate ocean safety device.
260 _aDavao City, Philippines;
_bSunstar Davao,
_c©2019.
300 _apage 5;
_c29.5cm.
650 _aInternational Relations.
_941969
942 _2ddc
_cPER